00225nam a2200097Ia 4500008004100000100001600041245002300057260002100080260000900101999001700110170620s9999 xx 000 0 und d aAvtar Singh 0aLaw of Partnership bCentral Law Pub. c2001 c28592d28592